NLSUI OPAC header image

The Devil and Commodity Fetishism in South America / (Record no. 210816)

MARC details
000 -LEADER
fixed length control field 02353cam a22003734a 4500
001 - CONTROL NUMBER
control field 16512286
003 - CONTROL NUMBER IDENTIFIER
control field OSt
005 - DATE AND TIME OF LATEST TRANSACTION
control field 20220226163727.0
008 - FIXED-LENGTH DATA ELEMENTS--GENERAL INFORMATION
fixed length control field 101021s2010 ncua b s001 0 eng c
010 ## - LIBRARY OF CONGRESS CONTROL NUMBER
LC control number 2010283515
020 ## - INTERNATIONAL STANDARD BOOK NUMBER
International Standard Book Number 9780807871331 (pbk.)
020 ## - INTERNATIONAL STANDARD BOOK NUMBER
International Standard Book Number 0807871338 (pbk.)
035 ## - SYSTEM CONTROL NUMBER
System control number (OCoLC)ocn441211375
040 ## - CATALOGING SOURCE
Original cataloging agency BTCTA
Transcribing agency BTCTA
Modifying agency YDXCP
-- CDX
-- BWX
-- OCLCQ
-- IQU
-- TJC
-- DLC
042 ## - AUTHENTICATION CODE
Authentication code pcc
043 ## - GEOGRAPHIC AREA CODE
Geographic area code s-bo---
-- s-ck---
050 00 - LIBRARY OF CONGRESS CALL NUMBER
Classification number HD82
Item number .T34 2010
082 ## - DEWEY DECIMAL CLASSIFICATION NUMBER
Classification number 338.9 TAU
100 1# - MAIN ENTRY--PERSONAL NAME
Personal name Taussig, Michael T.
245 14 - TITLE STATEMENT
Title The Devil and Commodity Fetishism in South America /
Statement of responsibility, etc. Michael T. Taussig.
250 ## - EDITION STATEMENT
Edition statement 30th anniversary ed. /
Remainder of edition statement with a new chapter by the author.
260 ## - PUBLICATION, DISTRIBUTION, ETC.
Place of publication, distribution, etc. Chapel Hill [N.C.] :
Name of publisher, distributor, etc. University of North Carolina Press,
Date of publication, distribution, etc. c2010.
300 ## - PHYSICAL DESCRIPTION
Extent xvii, 296 p. :
Other physical details ill. ;
Dimensions 23 cm.
365 ## - TRADE PRICE
Price amount 2733
505 ## - FORMATTED CONTENTS NOTE
Formatted contents note Table of Contents<br/>Preface to the Thirtieth Anniversary Edition xi;<br/>Preface xv;<br/>Part I Fetishism: The Master Trope;<br/>1 Fetishism and Dialectical Deconstruction 3;<br/>2 The Devil and Commodity Fetishism 13;<br/>Part II The Plantations of the Cauca Valley, Colombia;<br/>3 Slave Religion and the Rise of the Free Peasantry 41;<br/>4 Owners and Fences 70;<br/>5 The Devil and the Cosmogenesis of Capitalism 93;<br/>6 Pollution, Contradiction, and Salvation 112;<br/>7 The Baptism of Money and the Secret of Capital 126;<br/>Part III The Bolivian Tin Mines;<br/>8 The Devil in the Mines 143;<br/>9 The Worship of Nature 155;<br/>10 The Problem of Evil 169;<br/>11 The Iconography of Nature and Conquest 182;<br/>12 The Transformation of Mining and Mining Mythology 199;<br/>13 Peasant Rites of Production 214;<br/>14 Mining Magic: The Mediation of Commodity Fetishism 223;<br/>Conclusion 229;<br/>The Sun Gives without Receiving: A Reinterpretation of the Devil Stones 235;<br/>Bibliography 267;<br/>Index 289
650 #0 - SUBJECT ADDED ENTRY--TOPICAL TERM
Topical term or geographic name entry element Economic development
General subdivision Social aspects
Form subdivision Case studies.
650 #0 - SUBJECT ADDED ENTRY--TOPICAL TERM
Topical term or geographic name entry element Plantations
Geographic subdivision Colombia
-- Cauca River Valley.
650 #0 - SUBJECT ADDED ENTRY--TOPICAL TERM
Topical term or geographic name entry element Tin mines and mining
Geographic subdivision Bolivia.
650 #0 - SUBJECT ADDED ENTRY--TOPICAL TERM
Topical term or geographic name entry element Superstition
Form subdivision Case studies.
856 ## - ELECTRONIC LOCATION AND ACCESS
Materials specified Table of Contents
Uniform Resource Identifier <a href="https://www.google.co.in/books/edition/The_Devil_and_Commodity_Fetishism_in_Sou/4VvqCQAAQBAJ?hl=en&gbpv=1&printsec=frontcover">https://www.google.co.in/books/edition/The_Devil_and_Commodity_Fetishism_in_Sou/4VvqCQAAQBAJ?hl=en&gbpv=1&printsec=frontcover</a>
906 ## - LOCAL DATA ELEMENT F, LDF (RLIN)
a 7
b cbc
c pccadap
d 2
e ncip
f 20
g y-gencatlg
942 ## - ADDED ENTRY ELEMENTS (KOHA)
Source of classification or shelving scheme Dewey Decimal Classification
Koha item type BOOKs
Holdings
Withdrawn status Lost status Source of classification or shelving scheme Materials specified (bound volume or other part) Damaged status Not for loan Home library Current library Shelving location Date acquired Source of acquisition Cost, normal purchase price Total Checkouts Full call number Barcode Date last seen Price effective from Koha item type
    Dewey Decimal Classification PB     . . NAB Compactor 25.02.2022 Purchased 2733.00   338.9 TAU 38586 25.02.2022 25.02.2022 BOOKs